000 00332 a2200157 4500
001 190980
020 _a978-85-360-1099-1
040 _cMagnum
100 _aRiter, Caio
240 1 0 _aTantos barulhos
_lpor
245 1 0 _aTantos barulhos
300 _a48
362 0 _a2011
697 _aLITERATURA INFANTO-JUVENIL
942 _cBK
999 _c190980
_d190980